| 000 | 00980nam a22002177a 4500 | ||
|---|---|---|---|
| 999 |
_c12248 _d12248 |
||
| 003 | AR-CdUCM | ||
| 008 | 190408b ||||| |||| 00| 0 spa d | ||
| 040 |
_aMUNICIPALIDAD PROVINCIAL DEL CUSCO _cBIBLIOTECA MUNICIPAL DEL CUSCO |
||
| 082 |
_a985.05 / _bM95 / 1967 |
||
| 100 |
_aMunárriz Boluarte, José _930014 |
||
| 245 | _aCastilla paradigma, su obra en poema descriptivo ; Escena del tamarugal, cuadro vivo dialogado / | ||
| 260 |
_aTrujillo : _bTall. Graf. del Colegio Militar Gran Mariscal Ramón Castilla, _c1967. |
||
| 300 |
_a27 páginas ; _c21 cm. |
||
| 500 | _aHomenaje al primer centenario de su muerte 30 de Mayo 1867-1967. | ||
| 505 | _aContenido: Castilla paradigma -- Escena del Tamarugal -- Explicación descriptiva y simbolista 1ra y 2da parte -- Interpretación oral de los actores en el cuadro vivo. | ||
| 650 |
_aPoesías peruanas _91481 |
||
| 650 |
_aSiglo XX _98 |
||
| 650 |
_aRamón Castilla _98385 |
||
| 942 |
_2ddc _cLIBROS |
||
| 945 |
_aachl _d2019-04-08 |
||